| Home > Conference Contributions & Seminars > Conference Talks > Contributed Talks > Sunspot Drawing digitization (Uccle collection): Method, tools and output database > MARC |
000001418 001__ 1418 000001418 005__ 20160222141727.0 000001418 037__ $$aSIDCimport-1705 000001418 100__ $$aClette, F. 000001418 245__ $$aSunspot Drawing digitization (Uccle collection): Method, tools and output database 000001418 260__ $$c2011 000001418 269__ $$c2011-02-xx 000001418 594__ $$aSTCE 000001418 773__ $$tSoteria Capacity Building Workshop, 15/2/2011 000001418 906__ $$aContributed 000001418 980__ $$aCTALKCONT